[Event "Wch U18 Girls blitz"]
[Site "Rhodes"]
[Date "2022.05.03"]
[Round "7"]
[White "Katter, Katharina"]
[Black "Hryzlova, Sofiia"]
[Result "0-1"]
[WhiteElo "1843"]
[BlackElo "2021"]
[PlyCount "108"]
[EventDate "2022.05.03"]
[EventType "swiss (blitz)"]
[EventRounds "9"]
[EventCountry "GRE"]
[SourceTitle "CBM 208 Extra"]
[Source "ChessBase"]
[SourceDate "2022.07.31"]
[SourceVersion "1"]
[SourceVersionDate "2022.07.31"]
[SourceQuality "1"]

1. d4 Nf6 2. Nf3 e6 3. e3 b6 4. c4 Bb7 5. Nc3 d5 6. cxd5 exd5 7. Bd3 a6 8. 0-0 Bd6 9. Re1 0-0 10. e4 dxe4 11. Nxe4 Nxe4 12. Bxe4 Bxe4 13. Rxe4 Nc6 14. Bg5 f6 15. Qb3+ Kh8 16. Bd2 Qd7 17. Rae1 Rae8 18. d5 Ne5 19. Nd4 Bc5 20. Bc3 Nd3 21. Rxe8 Rxe8 22. Rd1 Nf4 23. Ne6 Nxe6 24. dxe6 Qc6 25. Qd5 Qxd5 26. Rxd5 Bd6 27. g3 Rxe6 28. Bb4 c5 29. Bc3 g6 30. Kg2 Kg7 31. a4 Kf7 32. Kf3 Ke7 33. Rd2 Kd7 34. Rd3 Kc6 35. h4 h5 36. Kg2 Re4 37. Bxf6 Rxa4 38. Bc3 Re4 39. Rf3 Re6 40. Rf7 b5 41. Rf6 Kd5 42. Rxe6 Kxe6 43. Kf3 Be5 44. Ke4 Bxc3 45. bxc3 b4 46. cxb4 cxb4 47. Kd4 a5 48. Kc4 Ke5 49. f3 Kf5 50. Kb3 g5 51. hxg5 Kxg5 52. Ka4 h4 53. f4+ Kg4 54. gxh4 Kxh4 0-1

[Event "Wch U18 Girls rapid"]
[Site "Rhodes"]
[Date "2022.05.01"]
[Round "5"]
[White "Nurgali, Nazerke"]
[Black "Katter, Katharina"]
[Result "1-0"]
[WhiteElo "2056"]
[BlackElo "1761"]
[PlyCount "97"]
[EventDate "2022.05.01"]
[EventType "swiss (rapid)"]
[EventRounds "9"]
[EventCountry "GRE"]
[SourceTitle "CBM 208 Extra"]
[Source "ChessBase"]
[SourceDate "2022.07.31"]
[SourceVersion "1"]
[SourceVersionDate "2022.07.31"]
[SourceQuality "1"]

1. d4 Nf6 2. Nf3 g6 3. c4 Bg7 4. Nc3 d6 5. e4 0-0 6. Be2 e5 7. dxe5 dxe5 8. Qxd8 Rxd8 9. Bg5 Re8 10. 0-0 c6 11. Rfd1 h6 12. Bh4 Bg4 13. h3 Bxf3 14. Bxf3 Nbd7 15. Na4 Bf8 16. Bg4 g5 17. Bxd7 Nxd7 18. Rxd7 gxh4 19. Rxb7 Red8 20. Rc7 Rd6 21. Re1 a5 22. c5 Rd4 23. b3 Ra6 24. Re3 Rd1+ 25. Kh2 Rc1 26. Rf3 Bxc5 27. Nxc5 Rxc5 28. Rfxf7 a4 29. Rfd7 Ra8 30. bxa4 Rc2 31. Rg7+ Kh8 32. Rh7+ Kg8 33. Rxh6 Rxa4 34. Rcxc6 Rxf2 35. Rxh4 Raxa2 36. Rg4+ Kf7 37. Rc7+ Kf6 38. Rc8 Ke7 39. Rg7+ Kf6 40. Rgg8 Ke6 41. Rce8+ Kd6 42. Rd8+ Ke6 43. Rge8+ Kf6 44. Rf8+ Ke6 45. Rxf2 Rxf2 46. Ra8 Kd6 47. Rd8+ Ke6 48. Rg8 Kf6 49. Rf8+ 1-0

[Event "AUT-chT (Women) 2122"]
[Site "Austria"]
[Date "2022.04.22"]
[Round "8.1"]
[White "Katter, Katharina"]
[Black "Mayrhuber, Nikola"]
[Result "1/2-1/2"]
[WhiteElo "1953"]
[BlackElo "2110"]
[PlyCount "93"]
[EventDate "2021.11.06"]
[EventType "team-tourn"]
[EventRounds "9"]
[EventCountry "AUT"]
[SourceTitle "EXT 2024"]
[Source "ChessBase"]
[SourceDate "2023.10.10"]
[SourceVersion "1"]
[SourceVersionDate "2023.10.10"]
[SourceQuality "1"]
[WhiteTeam "Lienz (W)"]
[BlackTeam "Mayrhofen/Zillertal (W)"]
[WhiteTeamCountry "AUT"]
[BlackTeamCountry "AUT"]

1. d4 Nf6 2. Nf3 e6 3. c4 Bb4+ 4. Bd2 Qe7 5. g3 Nc6 6. Nc3 0-0 7. Bg2 d5 8. a3 Bxc3 9. Bxc3 Ne4 10. Qc2 a5 11. b3 Nxc3 12. Qxc3 Rd8 13. 0-0 Ra6 14. Rfe1 Qd6 15. c5 Qf8 16. b4 Na7 17. e4 dxe4 18. Rxe4 b6 19. Bf1 axb4 20. Qxb4 Ra5 21. Ne5 Bb7 22. Rf4 Nc6 23. Nxc6 Bxc6 24. Rc1 Ra4 25. Qb3 Rda8 26. cxb6 Bd5 27. Qb5 cxb6 28. Bg2 Qxa3 29. Rc7 Qf8 30. Bxd5 R4a5 31. Qxb6 Rxd5 32. Qb7 Rf5 33. Rxf5 exf5 34. d5 Qe8 35. Re7 Qc8 36. Rxf7 Qxb7 37. Rxb7 Rd8 38. Rb5 Kf7 39. Kg2 Kf6 40. f4 h6 41. Kf2 Re8 42. Rb3 Re4 43. Rd3 Ke7 44. d6+ Kd7 45. Rd5 g6 46. Kf3 Re6 47. Ra5 1/2-1/2